| 000 | 00520nam a2200181Ia 4500 | ||
|---|---|---|---|
| 003 | IN-BaIIA | ||
| 008 | 211028s9999 xx 000 0 eng d | ||
| 020 | _a0-471-59037-1 | ||
| 040 | _cIIA Library | ||
| 080 |
_a520 _bMEH |
||
| 100 |
_aMehlin, Theodore G. _93675 |
||
| 245 | 0 |
_aAstronomy _cTheodore G. Mehlin |
|
| 260 |
_aNew York _bJohn Wiley & Sons _c1959 |
||
| 300 | _aviii, 392p. | ||
| 650 |
_aAstronomy _980 |
||
| 650 | _aAstronomy and Astrophysics Thesaurus | ||
| 942 | _cBK | ||
| 999 |
_c1931 _d1931 |
||